Score 0/32 Timer 05:00
10 Plays Today
Country % Correct
Australia
87.7%
Argentina
84.2%
Austria
81.9%
Sweden
81.8%
Iceland
81%
Ireland
80.5%
Andorra
79%
Albania
77.8%
Switzerland
77.8%
Sudan
77.6%
Algeria
76.8%
South Africa
76.7%
Angola
75.7%
South Sudan
74.5%
Spain
72.6%
Italy
71.3%
Country % Correct
Suriname
71.1%
Slovakia
69.5%
Slovenia
69%
Somalia
66.3%
Antigua and Barbuda
65.9%
Senegal
65.5%
Saint Kitts and Nevis
64.7%
Serbia
62.9%
Saint Lucia
62.6%
San Marino
60.7%
Seychelles
60.2%
Saint Vincent and the Grenadines
60.1%
Samoa
55.1%
Solomon Islands
51.1%
São Tomé and Príncipe
50.4%
Sierra Leone
49%
Come Together.
Have Fun.
All Virtual.
We all need to come together. Play Sporcle's virtual live trivia to have fun, connect with people, and get your trivia on. Join a live hosted trivia game for your favorite pub trivia experience done virtually. If a virtual private party is more your thing, go here for details.

You're not logged in!

Compare scores with friends on all Sporcle quizzes.
OR
Log In

Sporcle TV

Today on Sporcle TV


Watch our educational content, quiz creation guides, and fun videos on Sporcle TV.

Show Comments

Extras

Top Quizzes Today


Score Distribution

Paid Content

Your Account Isn't Verified!

In order to create a playlist on Sporcle, you need to verify the email address you used during registration. Go to your Sporcle Settings to finish the process.

Report this User

Report this user for behavior that violates our Community Guidelines.

Details: